000 01477cam a22003854a 4500
001 13335473
005 20170105102854.0
008 030124s2003 enkb b 001 0 eng
010 _a 2003363614
020 _a0863569889
020 _a0863563953 (pbk.)
035 _a(UkLWHE)b000219359
040 _aDLC
_cDLC
_dDLC
042 _apcc
043 _aa-iq---
050 0 0 _aDS70.8.S55
_bA33 2003
082 0 0 _a956.70088
_222
100 1 _aʻAbd al-Jabbār, Fāliḥ.
245 1 4 _aThe Shīʻite movement in Iraq /
_cFaleh A. Jabar.
260 _aLondon :
_bSaqi,
_c2003.
300 _a391 p. :
_bmaps ;
_c24 cm.
504 _aIncludes bibliographical references (p. 354-376) and index.
650 0 _aShiites
_zIraq
_xHistory
_y20th century.
650 0 _aShiites
_xPolitical activity
_zIraq.
650 0 _aSocial movements
_zIraq.
650 0 _aIslam and politics
_zIraq.
650 0 _aIslam and state
_zIraq.
651 0 _aIraq
_xPolitics and government
_y1958-
856 4 2 _3Contributor biographical information
_uhttp://www.loc.gov/catdir/bios/hol053/2003363614.html
856 4 2 _3Publisher description
_uhttp://www.loc.gov/catdir/description/hol041/2003363614.html
856 4 1 _3Table of contents
_uhttp://www.loc.gov/catdir/toc/hol041/2003363614.html
906 _a7
_bcbc
_corigres
_d2
_encip
_f20
_gy-gencatlg
942 _2ddc
_cBK
999 _c14385
_d14385